000 00654nam a2200217Ia 4500
003 OSt
005 20230607100024.0
008 210423s1981 xx 000 0 und d
040 _cAL
041 _aeng
082 _a374
_223
_bSRCA
100 _aSTATE RESOURCE Centre for non formal education
_9121145
245 _aAdult education in tamil nadu in the sixth five year plan: an outline
260 _aMadras
_bState Resource Centre
_c1981
300 _a11
_bPB
365 _cINR
650 _aAdult Education
_9121146
650 _aEducation
_9121147
906 _aAdult ; education ; five ; nadu ; plan. ; sixth ; tamil ; year
942 _2ddc
_cBK
999 _c174976
_d174976